| 000 | 00370nam a22001337a 4500 | ||
|---|---|---|---|
| 008 | 230223b |||||||| |||| 00| 0 eng d | ||
| 020 | _a0006477232. | ||
| 050 | _aPZ4.A6725 T8. | ||
| 100 |
_aArcher ,Jeffrey.. _952190 |
||
| 245 |
_aTwelve red herrings. _cJeffrey, Archer |
||
| 260 |
_aLondon: _bHarper Collins _c1994. |
||
| 300 |
_a504p; _c18cm. |
||
| 942 |
_2lcc _cMONOGRAPH |
||
| 999 |
_c131634 _d131634 |
||